000 01467nam a22003374a 4500
001 ebr10076862
003 CaPaEBR
006 m u
007 cr cn|||||||||
008 011128s2002 enk sb 001 0 eng
010 _z 2001058225
020 _z0333736591 (cloth)
040 _aCaPaEBR
_cCaPaEBR
035 _a(OCoLC)559799450
050 1 4 _aJC153.T87
_bR83 2002eb
082 0 4 _a320.5
_221
100 1 _aRudolph, Julia,
_d1962-
245 1 0 _aRevolution by degrees
_h[electronic resource] :
_bJames Tyrell and Whig political thought in late Seventeenth Century /
_cJulia Rudolph.
260 _aHoundmills, Basingstoke, Hampshire ;
_aNew York :
_bPalgrave,
_c2002.
300 _aix, 231 p.
490 1 _aStudies in modern history
504 _aIncludes bibliographical references (p. 209-225) and index.
533 _aElectronic reproduction.
_bPalo Alto, Calif. :
_cebrary,
_d2013.
_nAvailable via World Wide Web.
_nAccess may be limited to ebrary affiliated libraries.
600 1 0 _aTyrrell, James,
_d1642-1718
_xContributions in political science.
650 0 _aPolitical science
_zGreat Britain
_xHistory
_y17th century.
651 0 _aGreat Britain
_xHistory
_yRevolution of 1688.
655 7 _aElectronic books.
_2local
710 2 _aebrary, Inc.
830 0 _aStudies in modern history (Palgrave (Firm))
856 4 0 _uhttp://site.ebrary.com/lib/rucke/Doc?id=10076862
_zAn electronic book accessible through the World Wide Web; click to view
999 _c73139
_d73139